| 000 | 00330nam a22001337a 4500 | ||
|---|---|---|---|
| 008 | 181105b xxu||||| |||| 00| 0 eng d | ||
| 020 | _a9780321168696 | ||
| 041 | _aeng | ||
| 080 |
_22nd _a610 |
||
| 100 | _a36 | ||
| 101 | _aMAT | ||
| 245 |
_aElementary and Intermediate Algebra Graphs & Models _cBittinger,M.L |
||
| 942 |
_2udc _cBK |
||
| 999 |
_c51789 _d51789 |
||